1076 1233 1523 1572 1916 1761 1709 1100 1176 1839 1269 1304 1242 1237 1956 1442 1492 1364 1155 1836 1146 1310 1250 1084 1090 1634 1569 1854 1162 1559 1496 1150 1676 1002 1452 1902 1435 1453 1623 1111 1461 1073 1683 1842 1017 1965 1401 1501 1630 1909 1342 1680 1021 1462 1671 1358 1319 1161 1359 1849 1402 1891 1929 1880 1896 1640 1599 1014 1452 1265 1050 1253 1055 1373 1417 1791 1034 1622 1073 1521 1291 1206 1480 1510 1698 1054 1398 1117 1723 1869 1712 1959 1341 1710 1083 1384 1392 1263 1812 BCNSPRNW ULIB Ver.6.0+V

เปลี่ยนเป็นภาษาไทย

Change to English
 แสดงรายละเอียดบรรณานุกรม
  กลับหน้าหลัก

Brief Record : Get Marc (ISO 2709) : E-mail record : QR code < ปิดหน้าต่าง
LEADER : 00000nam 2200000uu 4500
001    13399110362
003     ULIB
008    110429s2553||||th 000 0 tha d
020    9747487374
024    9789747487374
060  4 WW100^bอ663ร
100 0  อารียา ศตรัศมี, บรรณาธิการ
245 00 รอบรู้วิธีการดูแลและถนอมดวงตา =^nTake good care of your eyes^c อารียา ศตรัศมี, บรรณาธิการ
260    กรุงเทพฯ:^bมายิก สำนักพิมพ์,^c2553
300    208 หน้า:^bภาพประกอบ.
650  7 ดวงตา^xการดูแล
945    ^p160^l0^i030069
995    เกษร
999 ^a ใช้งานได้ทุกระบบ
รายการนี้ยังไม่มีแท็ก
คุณยังไม่ได้ล็อกอิน คุณสามารถมีกิจกรรมร่วมกับเว็บไซต์ได้ แต่ต้องล็อกอินก่อน ::
  ล็อกอิน

รายการสื่อสารสนเทศ

ลำดับที่ ประเภท เลขเรียก/บาร์โค้ด สถานที่ สถานะ
1. วิทยาศาสตร์การแพทย์ และสุขภาพ
หนังสือสำรอง
สถานะ=หนังสือสำรอง
WW100 อ663ร ฉ.1 
  Barcode: 030069
ห้องสมุดวิทยาเขตสวรรค์ประชารักษ์
►ส่วนจัดเก็บหนังสือเก่า สปร
บนชั้น
  ขอยืม

BibComment


ยังไม่เคยถูกคอมเมนท์

คอมเมนท์ทรัพยากรรายการนี้
  คอมเมนท์: รอบรู้วิธีการดูแล..


 Copyright 2026. Bcnsprnw @Library